[Event "CAN-ch U20 1982-83"]
[Site "Toronto CAN"]
[Date "1983.01.04"]
[Round "10"]
[White "O'Donnell, Tom"]
[Black "Gardner, Robert"]
[Result "1-0"]
[WhiteElo "2163"]
[BlackElo "1916"]
[PlyCount "81"]
[GameId "2160767912811132"]
[EventDate "1982.12.26"]
[EventType "tourn"]
[EventRounds "11"]
[EventCountry "CAN"]
[SourceTitle "FQE 05"]

1. e4 e5 2. Nf3 Nc6 3. Bb5 a6 4. Bxc6 dxc6 5. O-O Bg4 6. h3 h5 7. d3 Qf6 8. Nbd2 Ne7 9. Re1 Ng6 10. d4 Bd6 11. hxg4 hxg4 12. Nh2 Rxh2 13. Kxh2 Qh4+ 14. Kg1 O-O-O 15. Nc4 Rh8 16. Nxd6+ cxd6 17. Kf1 Qh1+ 18. Ke2 Qxg2 19. Be3 Qxe4 20. Qd2 Qf3+ 21. Kd3 exd4 22. Kxd4 Qf6+ 23. Kd3 Ne5+ 24. Kc3 Nf3+ 25. Bd4 Qf5 26. Qe2 Qa5+ 27. Kd3 Nxe1+ 28. Rxe1 Rh3+ 29. Be3 Qd5+ 30. Kc3 Qa5+ 31. Kb3 Qb5+ 32. Qxb5 axb5 33. c3 Kd7 34. Kb4 Rf3 35. Rg1 f5 36. Rg3 Rxg3 37. fxg3 g6 38. Ka5 d5 39. Kb6 Kc8 40. Bf4 Kd7 41. Kxb7 1-0

[Event "CAN-ch U20 1982-83"]
[Site "Toronto CAN"]
[Date "1983.01.05"]
[Round "11"]
[White "Barclay, Wayne"]
[Black "O'Donnell, Tom"]
[Result "1-0"]
[WhiteElo "2177"]
[BlackElo "2163"]
[PlyCount "125"]
[GameId "2160767912811133"]
[EventDate "1982.12.26"]
[EventType "tourn"]
[EventRounds "11"]
[EventCountry "CAN"]
[SourceTitle "FQE 05"]

1. d4 d5 2. Nf3 Nf6 3. Bg5 e6 4. Nbd2 Be7 5. e3 O-O 6. Bd3 Nbd7 7. O-O b6 8. c3 Bb7 9. Qc2 h6 10. Bh4 c5 11. Rad1 Rc8 12. Qb1 Re8 13. Bg3 Nh5 14. Ne5 Nxe5 15. dxe5 Nxg3 16. hxg3 Qc7 17. f4 c4 18. Be2 Bc5 19. Kf2 b5 20. Nf3 a5 21. Rh1 b4 22. g4 Qb6 23. Nd4 Bc6 24. cxb4 axb4 25. g5 hxg5 26. Qh7+ Kf8 27. fxg5 Ba4 28. b3 cxb3 29. axb3 Bxd4 30. Rxd4 Bb5 31. Qh8+ Ke7 32. Qxg7 Bxe2 33. Qf6+ Kd7 34. Kxe2 Qb5+ 35. Kf3 Re7 36. Ra1 Rc7 37. Kg3 Rb7 38. Ra4 Qc5 39. Ra6 Kc7 40. Qf4 Qc3 41. Rxd5 Qxb3 42. Rdd6 Qc3 43. Qe4 Kb8 44. Rd8+ Kc7 45. Rd4 Kb8 46. Rd8+ Kc7 47. Rd3 Qe1+ 48. Kh2 Qc1 49. Qd4 Kb8 50. Qd8+ Qc8 51. Qa5 Ra7 52. Rd8 Rxa6 53. Rxc8+ Kxc8 54. Qxa6+ Rb7 55. g6 fxg6 56. Qxe6+ Kb8 57. Qxg6 b3 58. Qb1 b2 59. e6 Kc7 60. e7 Kd7 61. Qe4 b1=Q 62. e8=Q+ Kc7 63. Q4c6# 1-0

[Event "CAN-ch U20 1982-83"]
[Site "Toronto CAN"]
[Date "1983.01.05"]
[Round "11"]
[White "Bolduc, Steve"]
[Black "Kuznecov, Alex"]
[Result "1/2-1/2"]
[WhiteElo "2099"]
[BlackElo "2164"]
[PlyCount "41"]
[GameId "2160767912811134"]
[EventDate "1982.12.26"]
[EventType "tourn"]
[EventRounds "11"]
[EventCountry "CAN"]
[SourceTitle "FQE 05"]

1. Nf3 c5 2. c4 Nc6 3. g3 g6 4. Bg2 Bg7 5. O-O e6 6. d3 Nge7 7. Na3 O-O 8. Rb1 d5 9. Nc2 b6 10. a3 Bb7 11. b4 cxb4 12. axb4 dxc4 13. dxc4 Ne5 14. Nxe5 Bxg2 15. Kxg2 Bxe5 16. Bb2 Bxb2 17. Rxb2 Qc7 18. Ne3 Nf5 19. Nxf5 exf5 20. Qb3 Rfc8 21. Rc1 1/2-1/2

[Event "CAN-ch U20 1982-83"]
[Site "Toronto CAN"]
[Date "1983.01.05"]
[Round "11"]
[White "Dauvergne, Peter"]
[Black "Hotz, Glyn"]
[Result "1/2-1/2"]
[WhiteElo "1991"]
[BlackElo "2044"]
[PlyCount "146"]
[GameId "2160767912811135"]
[EventDate "1982.12.26"]
[EventType "tourn"]
[EventRounds "11"]
[EventCountry "CAN"]
[SourceTitle "FQE 05"]

1. d4 d5 2. c4 dxc4 3. Nf3 Nf6 4. e3 e6 5. Bxc4 c5 6. O-O a6 7. a4 Qc7 8. Qe2 Nc6 9. Nc3 Be7 10. Rd1 O-O 11. dxc5 Bxc5 12. e4 Ng4 13. Be3 Nxe3 14. fxe3 Nb4 15. b3 Bd7 16. Nd4 Rfd8 17. Rd2 Nc6 18. Rad1 Ne5 19. Qh5 Nxc4 20. bxc4 Bb4 21. Rc2 Qa5 22. Qxa5 Bxa5 23. Ra1 Rac8 24. Nd1 Be8 25. Nb2 Bb6 26. Rd1 g6 27. Rcd2 Rd7 28. Kf2 Rcd8 29. Ke2 Kg7 30. Nc2 Bc7 31. h3 Rxd2+ 32. Rxd2 Rxd2+ 33. Kxd2 Kf6 34. Nd4 Ke5 35. Kd3 Bd6 36. Nf3+ Kf6 37. Kd4 Ba3 38. e5+ Ke7 39. Nd3 Bxa4 40. Ng5 h6 41. Nh7 Bc2 42. Nf6 Bxd3 43. Kxd3 Bb2 44. Ng8+ Kf8 45. Nxh6 a5 46. Ng4 a4 47. Kc2 a3 48. Kb3 Ke7 49. Nf2 Bxe5 50. Kxa3 Kf6 51. Kb3 Kg5 52. Kc2 Kh4 53. Nh1 f5 54. Kd3 f4 55. exf4 Bxf4 56. Ke4 Bc7 57. Kf3 Kg5 58. Ke4 Kf6 59. Nf2 Kg5 60. Nh1 Kh4 61. Kf3 Kg5 62. Ke4 Kf6 63. Nf2 Ke7 64. Nd3 Bd6 65. Nc1 Kf6 66. Ne2 Kg5 67. Ng1 Kh4 68. Ne2 Kg5 69. Ng1 Bc7 70. Ne2 Kf6 71. Nc1 Bb6 72. Ne2 Bc5 73. Nc1 Bd6 1/2-1/2

[Event "CAN-ch U20 1982-83"]
[Site "Toronto CAN"]
[Date "1983.01.05"]
[Round "11"]
[White "Gardner, Robert"]
[Black "Moffat, Andrei"]
[Result "1/2-1/2"]
[WhiteElo "1916"]
[BlackElo "1946"]
[PlyCount "50"]
[GameId "2160767740616984"]
[EventDate "1982.12.26"]
[EventType "tourn"]
[EventRounds "11"]
[EventCountry "CAN"]
[SourceTitle "FQE 05"]

1. e4 e5 2. Nf3 Nf6 3. Nxe5 d6 4. Nf3 Nxe4 5. d4 d5 6. Bd3 Be7 7. O-O Nc6 8. Re1 Bg4 9. c3 f5 10. Qb3 O-O 11. Nbd2 Kh8 12. Qxb7 Rf6 13. Qb3 Rg6 14. Bf1 Bh4 15. Nxh4 Qxh4 16. Nxe4 dxe4 17. Bf4 Rf8 18. d5 Ne7 19. Bxc7 Bf3 20. Bg3 Qh5 21. gxf3 f4 22. fxe4 fxg3 23. fxg3 Rgf6 24. Re2 Ng6 25. Qc2 Ne5 {Remaining moves missing} 1/2-1/2

[Event "CAN-ch U20 1982-83"]
[Site "Toronto CAN"]
[Date "1983.01.05"]
[Round "11"]
[White "Woodley, James"]
[Black "Bailey, Doug"]
[Result "1/2-1/2"]
[WhiteElo "2078"]
[BlackElo "2105"]
[PlyCount "20"]
[GameId "2160767912811137"]
[EventDate "1982.12.26"]
[EventType "tourn"]
[EventRounds "11"]
[EventCountry "CAN"]
[SourceTitle "FQE 05"]

1. Nc3 g6 2. e4 c5 3. Nf3 d6 4. g3 Bg7 5. Bg2 Nc6 6. d3 Nf6 7. Bd2 O-O 8. O-O Bd7 9. h3 Rb8 10. Rb1 b5 1/2-1/2

[Event "CAN-op"]
[Site "Vancouver CAN"]
[Date "1982.07.18"]
[Round "2"]
[White "Barclay, Wayne"]
[Black "Rowles, Steve"]
[Result "1-0"]
[WhiteElo "2047"]
[BlackElo "1664"]
[PlyCount "45"]
[GameId "2160767912848326"]
[EventDate "1982.07.17"]
[EventType "swiss"]
[EventRounds "10"]
[EventCountry "CAN"]
[SourceTitle "BCCR 2/4"]

1. e4 c5 2. Ne2 a6 3. a4 b6 4. Nbc3 e6 5. g3 Bb7 6. Bg2 Nf6 7. O-O d5 8. e5 Nfd7 9. f4 Qc7 10. d3 Be7 11. f5 Nxe5 12. fxe6 fxe6 13. Nf4 Qd6 14. Bh3 Bc8 15. Ncxd5 exd5 16. Bxc8 Nbc6 17. Be6 d4 18. Qh5+ Kd8 19. Bh3 g6 20. Qe2 Bf6 21. Ne6+ Ke7 22. Qf2 Rhf8 23. Nxf8 1-0

[Event "CAN-op"]
[Site "Vancouver CAN"]
[Date "1982.07.18"]
[Round "2"]
[White "Chang, John"]
[Black "Taylor, Gordon"]
[Result "0-1"]
[WhiteElo "1911"]
[BlackElo "2312"]
[PlyCount "74"]
[GameId "2160767912848328"]
[EventDate "1982.07.17"]
[EventType "swiss"]
[EventRounds "10"]
[EventCountry "CAN"]
[SourceTitle "BCCR 2/4"]

1. Nf3 c5 2. g3 d5 3. c4 Nf6 4. Bg2 Nc6 5. cxd5 Nxd5 6. Nc3 e5 7. d3 Nc7 8. Be3 Be7 9. Rc1 O-O 10. Nd2 Bd7 11. O-O Rb8 12. f4 exf4 13. Bxf4 Rc8 14. Nce4 Ne6 15. Bd6 f5 16. Bxe7 Qxe7 17. Nc3 Qg5 18. Nc4 f4 19. Ne4 Qh6 20. Qd2 Ncd4 21. Rce1 Bc6 22. Ne5 Bxe4 23. Bxe4 Qh5 24. Nf3 fxg3 25. hxg3 Qh3 26. Rf2 Qxg3+ 27. Rg2 Qc7 28. Qh6 g6 29. Bxg6 hxg6 30. Rxg6+ Ng7 31. Kf2 Rce8 32. Rgg1 Qf7 33. Qh3 Rxe2+ 34. Rxe2 Qxf3+ 35. Qxf3 Rxf3+ 36. Ke1 Nxe2 37. Kxe2 Rh3 0-1

[Event "CAN-op"]
[Site "Vancouver CAN"]
[Date "1982.07.18"]
[Round "3"]
[White "Gardner, Robert"]
[Black "Forbes, Gerry"]
[Result "0-1"]
[WhiteElo "1812"]
[BlackElo "2139"]
[PlyCount "70"]
[GameId "2160767912848331"]
[EventDate "1982.07.17"]
[EventType "swiss"]
[EventRounds "10"]
[EventCountry "CAN"]
[SourceTitle "EXT 2022"]
[Source "ChessBase"]
[SourceDate "2021.10.06"]
[SourceVersion "1"]
[SourceVersionDate "2021.10.06"]
[SourceQuality "1"]

1. e4 g6 2. d4 d6 3. c4 Bg7 4. Nc3 Nc6 5. d5 Nd4 6. Be3 c5 7. dxc6 Nxc6 8. Nf3 Nf6 9. Be2 O-O 10. O-O Bd7 11. Rc1 Rc8 12. Qd2 Ng4 13. Bf4 Re8 14. h3 Nge5 15. Nxe5 Nxe5 16. b3 Bc6 17. Bh6 Bh8 18. Rfd1 Nd7 19. Qc2 Nf6 20. e5 Nd7 21. exd6 exd6 22. Rxd6 Qh4 23. Be3 Rxe3 24. fxe3 Qg3 25. Rxc6 Qxe3+ 26. Kh1 bxc6 27. Nd1 Qf4 28. Bf3 Be5 29. Kg1 Bd4+ 30. Nf2 Ne5 31. Rd1 Nxf3+ 32. gxf3 Re8 33. Kg2 Re3 34. Qd2 Qxf3+ 35. Kf1 Rd3 0-1

[Event "CAN-op"]
[Site "Vancouver CAN"]
[Date "1982.07.18"]
[Round "3"]
[White "Scoones, Dan"]
[Black "Tomkins, Ken"]
[Result "0-1"]
[WhiteElo "2120"]
[BlackElo "1792"]
[PlyCount "70"]
[GameId "2160767912848332"]
[EventDate "1982.07.17"]
[EventType "swiss"]
[EventRounds "10"]
[EventCountry "CAN"]
[SourceTitle "EXT 2022"]
[Source "ChessBase"]
[SourceDate "2021.10.06"]
[SourceVersion "1"]
[SourceVersionDate "2021.10.06"]
[SourceQuality "1"]

1. c4 Nf6 2. d4 e6 3. Nc3 Bb4 4. e3 b6 5. Bd3 Bxc3+ 6. bxc3 c5 7. e4 Bb7 8. Qe2 d6 9. f4 Qe7 10. e5 Nfd7 11. Nf3 Nc6 12. O-O O-O-O 13. Be3 Na5 14. Bf2 Rde8 15. Ng5 dxe5 16. dxe5 f5 17. exf6 gxf6 18. Ne4 f5 19. Nd2 Qg7 20. Nf3 Rhg8 21. Be1 Nf6 22. Rc1 Rd8 23. Rc2 Rxd3 24. Qxd3 Be4 25. Qe2 Bxc2 26. Qxc2 Nxc4 27. Rf2 Ng4 28. Re2 Nge3 29. Qa4 Qb7 30. Bg3 Rd8 31. Be1 Kb8 32. Kf2 Qe4 33. Qb5 Ng4+ 34. Kf1 Qd3 35. Nd4 cxd4 0-1

[Event "CAN-op"]
[Site "Vancouver CAN"]
[Date "1982.07.19"]
[Round "4"]
[White "Cunningham, Thomas L"]
[Black "Taylor, Gordon"]
[Result "0-1"]
[WhiteElo "2108"]
[BlackElo "2312"]
[PlyCount "50"]
[GameId "2160767912848334"]
[EventDate "1982.07.17"]
[EventType "swiss"]
[EventRounds "10"]
[EventCountry "CAN"]
[SourceTitle "EXT 2022"]
[Source "ChessBase"]
[SourceDate "2021.10.06"]
[SourceVersion "1"]
[SourceVersionDate "2021.10.06"]
[SourceQuality "1"]

1. e4 c5 2. c3 Nf6 3. e5 Nd5 4. d4 cxd4 5. Qxd4 e6 6. Nf3 Nc6 7. Qe4 d6 8. Nbd2 dxe5 9. Nxe5 Nxe5 10. Qxe5 Qd6 11. Bb5+ Bd7 12. Bxd7+ Qxd7 13. O-O Bd6 14. Qxg7 O-O-O 15. Ne4 Bc7 16. c4 Rhg8 17. Qd4 Rxg2+ 18. Kh1 Rxh2+ 19. Kg1 Rg8+ 20. Ng3 Rh3 21. Rd1 Bxg3 22. fxg3 Qc7 23. Rd3 Rgxg3+ 24. Rxg3 Qxg3+ 25. Kf1 Qf3+ 0-1

[Event "CAN-op"]
[Site "Vancouver CAN"]
[Date "1982.07.19"]
[Round "4"]
[White "White, Michael JR"]
[Black "Berry, Jonathan"]
[Result "1-0"]
[WhiteElo "2082"]
[BlackElo "2243"]
[PlyCount "71"]
[GameId "2160767912848335"]
[EventDate "1982.07.17"]
[EventType "swiss"]
[EventRounds "10"]
[EventCountry "CAN"]
[SourceTitle "EXT 2022"]
[Source "ChessBase"]
[SourceDate "2021.10.06"]
[SourceVersion "1"]
[SourceVersionDate "2021.10.06"]
[SourceQuality "1"]

1. c4 g6 2. Nc3 Bg7 3. g3 Nc6 4. Bg2 d6 5. e3 e5 6. Nge2 Bd7 7. d4 Qc8 8. h3 Nf6 9. Nd5 O-O 10. dxe5 dxe5 11. Nec3 Re8 12. b3 Nxd5 13. Nxd5 e4 14. Ba3 a5 15. Rb1 Nb4 16. Bxb4 axb4 17. Qc2 Ra3 18. Rd1 b5 19. Nxb4 bxc4 20. Qxc4 Be6 21. Qc1 Qa8 22. O-O Bf8 23. Nc6 Rxa2 24. Bxe4 Qc8 25. Rd4 Bg7 26. Rd8 Rxd8 27. Ne7+ Kh8 28. Nxc8 Bxh3 29. Rd1 Rxd1+ 30. Qxd1 Ra1 31. Bb1 Bf6 32. Ne7 Rxb1 33. Qxb1 Bxe7 34. Qe4 Be6 35. Qe5+ Kg8 36. Qxc7 1-0

[Event "CAN-op"]
[Site "Vancouver CAN"]
[Date "1982.07.20"]
[Round "5"]
[White "Barclay, Wayne"]
[Black "South, Robert"]
[Result "1-0"]
[WhiteElo "2047"]
[BlackElo "2281"]
[PlyCount "123"]
[GameId "2160767912848336"]
[EventDate "1982.07.17"]
[EventType "swiss"]
[EventRounds "10"]
[EventCountry "CAN"]
[SourceTitle "EXT 2022"]
[Source "ChessBase"]
[SourceDate "2021.10.06"]
[SourceVersion "1"]
[SourceVersionDate "2021.10.06"]
[SourceQuality "1"]

1. d4 Nf6 2. Nf3 c5 3. c3 e6 4. Bg5 Qb6 5. Qc2 Ne4 6. Bh4 d5 7. e3 Nc6 8. Bd3 Bd7 9. O-O Rc8 10. Nbd2 cxd4 11. Bxe4 dxc3 12. Qxc3 Nb4 13. Qd4 Qxd4 14. Nxd4 dxe4 15. Nxe4 e5 16. Nf3 f6 17. Rfd1 Bc6 18. Nc3 Be7 19. a3 Na6 20. Nd5 Bxd5 21. Rxd5 g5 22. Bg3 Kf7 23. Rad1 Nc5 24. Kf1 Rhd8 25. Rxd8 Rxd8 26. Rxd8 Bxd8 27. Nd2 Ke6 28. Ke2 Kd5 29. f3 Na4 30. b3 Nb2 31. Ne4 f5 32. Nc3+ Ke6 33. Kd2 Ba5 34. Kc2 Bxc3 35. Kxc3 Nd1+ 36. Kd2 Nxe3 37. Kxe3 f4+ 38. Bxf4 exf4+ 39. Ke4 h6 40. b4 b5 41. h3 a6 42. h4 Kf6 43. hxg5+ hxg5 44. Kd5 Kf5 45. Kc5 Ke5 46. Kb6 Kd4 47. Kxa6 Ke3 48. Kxb5 Kf2 49. Kc6 Kxg2 50. b5 Kxf3 51. b6 g4 52. b7 g3 53. b8=Q g2 54. Qb3+ Kf2 55. Kd5 g1=Q 56. Qc2+ Kf3 57. Qe4+ Kg3 58. Qg6+ Kf2 59. Qb6+ Kg2 60. Qxg1+ Kxg1 61. Ke4 Kf2 62. Kxf4 1-0

[Event "CAN-op"]
[Site "Vancouver CAN"]
[Date "1982.07.21"]
[Round "6"]
[White "Barclay, Wayne"]
[Black "Taylor, Gordon"]
[Result "1/2-1/2"]
[WhiteElo "2047"]
[BlackElo "2312"]
[PlyCount "157"]
[GameId "2160767912848338"]
[EventDate "1982.07.17"]
[EventType "swiss"]
[EventRounds "10"]
[EventCountry "CAN"]
[SourceTitle "EXT 2022"]
[Source "ChessBase"]
[SourceDate "2021.10.06"]
[SourceVersion "1"]
[SourceVersionDate "2021.10.06"]
[SourceQuality "1"]

1. e4 c5 2. Ne2 Nc6 3. Nbc3 g6 4. g3 Bg7 5. Bg2 d6 6. O-O e6 7. d3 Rb8 8. a4 Nge7 9. Be3 Nd4 10. Qd2 Qa5 11. Nxd4 cxd4 12. Nb5 Qb6 13. Bh6 O-O 14. Bxg7 Kxg7 15. Qb4 Nc6 16. Qxd6 Rd8 17. Qf4 e5 18. Qc1 a6 19. Na3 Qc5 20. Qd2 Be6 21. f4 f6 22. Rf2 b5 23. axb5 axb5 24. Raf1 Rf8 25. Bf3 b4 26. Nb1 Ba2 27. Bg4 Rbd8 28. Kg2 Rd6 29. Qd1 Bxb1 30. Qxb1 Ra8 31. Qd1 Ra2 32. Qb1 Ra6 33. Qd1 Qb5 34. Qd2 Ra2 35. Rb1 b3 36. cxb3 Qxb3 37. Qc2 Qb6 38. Qc4 Ra8 39. Bd1 exf4 40. gxf4 Qb4 41. Bb3 Qxc4 42. Bxc4 Rb8 43. Ra1 Rb6 44. Ra8 Rd8 45. Rxd8 Nxd8 46. b3 Ne6 47. Kf3 g5 48. Bxe6 Rxe6 49. Ra2 gxf4 50. Kxf4 Rb6 51. Ra4 Rxb3 52. Rxd4 Rb2 53. h3 Rf2+ 54. Kg3 Rd2 55. Rd6 Kf7 56. Rd5 Kg6 57. Kh4 Rd1 58. Rd6 Re1 59. Kg4 Rg1+ 60. Kf3 Kf7 61. Rd5 Kg6 62. h4 Rh1 63. h5+ Rxh5 64. Rxh5 Kxh5 65. d4 Kg6 66. d5 Kf7 67. Kg4 Kg6 68. Kh4 f5 69. e5 h6 70. Kg3 h5 71. Kf4 h4 72. d6 Kf7 73. d7 Ke7 74. e6 Kd8 75. Kxf5 h3 76. Kf6 h2 77. Kf7 h1=Q 78. e7+ Kxd7 79. e8=Q+ 1/2-1/2

[Event "CAN-op"]
[Site "Vancouver CAN"]
[Date "1982.07.21"]
[Round "6"]
[White "Kuznecov, Alex"]
[Black "O'Donnell, Tom"]
[Result "0-1"]
[WhiteElo "2200"]
[BlackElo "1938"]
[PlyCount "84"]
[GameId "2160767912848340"]
[EventDate "1982.07.17"]
[EventType "swiss"]
[EventRounds "10"]
[EventCountry "CAN"]
[SourceTitle "EXT 2022"]
[Source "ChessBase"]
[SourceDate "2021.10.06"]
[SourceVersion "1"]
[SourceVersionDate "2021.10.06"]
[SourceQuality "1"]

1. c4 e5 2. Nc3 Nc6 3. Nf3 f5 4. d4 e4 5. Ng1 Nf6 6. Bg5 Be7 7. e3 d6 8. Nh3 O-O 9. Nf4 h6 10. Bxf6 Bxf6 11. Be2 Ne7 12. Qd2 c6 13. g4 d5 14. O-O-O fxg4 15. cxd5 cxd5 16. Rhg1 Bg5 17. Bxg4 Bxf4 18. exf4 Qc7 19. f3 Qxf4 20. Bxc8 Raxc8 21. fxe4 dxe4 22. Kb1 Qxd2 23. Rxd2 e3 24. Re2 Nf5 25. Nd5 Rce8 26. Rge1 Nxd4 27. Rxe3 Rxe3 28. Nxe3 Re8 29. Rd1 Rxe3 30. Rxd4 Re1+ 31. Kc2 Re2+ 32. Kc3 Rxh2 33. Rd7 h5 34. Rxb7 h4 35. Rxa7 Rg2 36. Rd7 h3 37. Rd1 g5 38. a4 h2 39. Rh1 g4 40. a5 g3 41. a6 Rf2 42. Re1 Rf7 0-1

[Event "CAN-op"]
[Site "Vancouver CAN"]
[Date "1982.07.22"]
[Round "7"]
[White "Fowler, David J"]
[Black "Ash, Robert"]
[Result "1-0"]
[WhiteElo "1709"]
[BlackElo "1836"]
[PlyCount "109"]
[GameId "2160767912848342"]
[EventDate "1982.07.17"]
[EventType "swiss"]
[EventRounds "10"]
[EventCountry "CAN"]
[SourceTitle "EXT 2022"]
[Source "ChessBase"]
[SourceDate "2021.10.06"]
[SourceVersion "1"]
[SourceVersionDate "2021.10.06"]
[SourceQuality "1"]

1. e4 c6 2. d4 d5 3. Nc3 dxe4 4. Nxe4 Nf6 5. Nxf6+ exf6 6. Nf3 Bd6 7. Bd3 O-O 8. Be3 Bg4 9. h3 Bh5 10. g4 Bg6 11. Nh4 Bxd3 12. Qxd3 Qa5+ 13. c3 Re8 14. Nf5 Bf4 15. O-O Qc7 16. Bxf4 Qxf4 17. Rae1 Nd7 18. Ne7+ Kh8 19. Re4 Qd6 20. Nf5 Qf8 21. Rfe1 g6 22. Rxe8 Rxe8 23. Rxe8 Qxe8 24. Nd6 Qb8 25. Qg3 Kg8 26. c4 b6 27. Kf1 Kf8 28. Ke2 c5 29. d5 Ne5 30. Ne4 Kg7 31. b3 Qe8 32. Qf4 Nd7 33. Kd2 Qe5 34. Qxe5 fxe5 35. Ng3 f6 36. Ke3 Kf7 37. Kd3 Ke7 38. Ke3 h6 39. Ke4 a6 40. a4 a5 41. h4 Kd6 42. Ke3 Ke7 43. Ke4 Kd6 44. Ke3 Ke7 45. h5 Kf7 46. hxg6+ Kxg6 47. Ke4 Kg5 48. f3 Kh4 49. Nf5+ Kg5 50. Ne3 h5 51. gxh5 f5+ 52. Nxf5 Nf6+ 53. Kxe5 Nd7+ 54. Ke6 Nf8+ 55. Ke7 1-0

[Event "CAN-op"]
[Site "Vancouver CAN"]
[Date "1982.07.22"]
[Round "7"]
[White "Taylor, Gordon"]
[Black "Allan, Denis"]
[Result "1-0"]
[WhiteElo "2312"]
[BlackElo "2308"]
[PlyCount "79"]
[GameId "2160767912848343"]
[EventDate "1982.07.17"]
[EventType "swiss"]
[EventRounds "10"]
[EventCountry "CAN"]
[SourceTitle "EXT 2022"]
[Source "ChessBase"]
[SourceDate "2021.10.06"]
[SourceVersion "1"]
[SourceVersionDate "2021.10.06"]
[SourceQuality "1"]

1. d4 Nf6 2. c4 g6 3. Nc3 Bg7 4. e4 O-O 5. Nf3 d6 6. Be2 Bg4 7. Be3 e5 8. O-O exd4 9. Nxd4 Bxe2 10. Qxe2 Re8 11. f3 Nc6 12. Rad1 Nh5 13. Qd2 Nxd4 14. Bxd4 Bxd4+ 15. Qxd4 Nf4 16. Qd2 Ne6 17. Qh6 Qf6 18. f4 Qg7 19. Qh4 f6 20. Nd5 Rf8 21. f5 g5 22. Qf2 Nd8 23. c5 c6 24. Nc3 dxc5 25. e5 fxe5 26. Qxc5 Qc7 27. Nd5 Qg7 28. f6 Qh6 29. Ne7+ Kh8 30. Qxe5 Nf7 31. Qe6 Rad8 32. Rxd8 Nxd8 33. Qe5 Nf7 34. Qc5 Nd8 35. Qxa7 g4 36. Qd4 Ne6 37. Qxg4 Qe3+ 38. Kh1 Qd3 39. Re1 Qg3 40. Qxg3 1-0

[Event "CAN-op"]
[Site "Vancouver CAN"]
[Date "1982.07.23"]
[Round "8"]
[White "Barclay, Wayne"]
[Black "O'Donnell, Tom"]
[Result "0-1"]
[WhiteElo "2047"]
[BlackElo "1948"]
[PlyCount "107"]
[GameId "2160767912848344"]
[EventDate "1982.07.17"]
[EventType "swiss"]
[EventRounds "10"]
[EventCountry "CAN"]
[SourceTitle "EXT 2022"]
[Source "ChessBase"]
[SourceDate "2021.10.06"]
[SourceVersion "1"]
[SourceVersionDate "2021.10.06"]
[SourceQuality "1"]

1. d4 Nf6 2. Nf3 d5 3. c4 c6 4. Nc3 g6 5. e3 Bg7 6. Bd3 O-O 7. O-O b6 8. Ne5 Bb7 9. Qe2 Nbd7 10. f4 Rc8 11. cxd5 cxd5 12. Qf3 a6 13. Bd2 e6 14. g4 Nxe5 15. fxe5 Nd7 16. Qe2 Nb8 17. Nd1 f6 18. Bb4 Rf7 19. Qf2 Nc6 20. Bd6 Qd7 21. Qg3 fxe5 22. dxe5 Rxf1+ 23. Bxf1 Bf8 24. Bxf8 Rxf8 25. Bh3 g5 26. Nf2 Qg7 27. Nd3 Ne7 28. Bg2 Ng6 29. Rc1 a5 30. b4 Ba6 31. e4 Bxd3 32. Qxd3 Nf4 33. Qd2 Qxe5 34. bxa5 bxa5 35. Re1 Nxg2 36. Kxg2 d4 37. h3 Rb8 38. Re2 h6 39. Kf3 Rf8+ 40. Kg2 Qf6 41. Re1 Qf3+ 42. Kh2 Qf2+ 43. Qxf2 Rxf2+ 44. Kg3 Rxa2 45. Rb1 Re2 46. Rb5 Rxe4 47. Rxa5 Kf7 48. Ra4 e5 49. Ra7+ Ke6 50. Ra6+ Kd5 51. Rxh6 d3 52. Kf3 d2 53. Rd6+ Kxd6 54. Kxe4 0-1

[Event "CAN-op"]
[Site "Vancouver CAN"]
[Date "1982.07.24"]
[Round "9"]
[White "Taylor, Gordon"]
[Black "O'Donnell, Tom"]
[Result "1-0"]
[WhiteElo "2312"]
[BlackElo "1938"]
[PlyCount "67"]
[GameId "2160767912848348"]
[EventDate "1982.07.17"]
[EventType "swiss"]
[EventRounds "10"]
[EventCountry "CAN"]
[SourceTitle "EXT 2022"]
[Source "ChessBase"]
[SourceDate "2021.10.06"]
[SourceVersion "1"]
[SourceVersionDate "2021.10.06"]
[SourceQuality "1"]

1. d4 Nf6 2. c4 e6 3. Nf3 d5 4. Nc3 Be7 5. Bg5 O-O 6. e3 b6 7. Rc1 Ba6 8. Qa4 Bxc4 9. Bxc4 dxc4 10. Qxc4 c5 11. Bxf6 gxf6 12. dxc5 Bxc5 13. O-O Nd7 14. Rfd1 Qe7 15. b4 Bxb4 16. Rxd7 Qxd7 17. Qxb4 e5 18. Rd1 Qe6 19. Rd6 a5 20. Qxb6 Qc4 21. Rc6 Qd3 22. h3 Rac8 23. e4 Rxc6 24. Qxc6 Qc2 25. g3 f5 26. Nxe5 fxe4 27. Ng4 f5 28. Qe6+ Kg7 29. Qh6+ Kf7 30. Qf6+ Ke8 31. Qe6+ Kd8 32. Ne5 Qd1+ 33. Kg2 Qd2 34. Nd5 1-0

[Event "CAN-op"]
[Site "Vancouver CAN"]
[Date "1982.07.24"]
[Round "10"]
[White "Barclay, Wayne"]
[Black "Chow, Robert"]
[Result "1-0"]
[WhiteElo "2047"]
[BlackElo "2189"]
[PlyCount "81"]
[GameId "2160767912848349"]
[EventDate "1982.07.17"]
[EventType "swiss"]
[EventRounds "10"]
[EventCountry "CAN"]
[SourceTitle "BCCR 2/4"]

1. e4 g6 2. Nc3 Bg7 3. d4 d6 4. g3 Nf6 5. Bg2 O-O 6. Nf3 Nbd7 7. O-O e5 8. Re1 Re8 9. h3 c6 10. a4 exd4 11. Nxd4 Nc5 12. Bf4 d5 13. exd5 Rxe1+ 14. Qxe1 Nxd5 15. Nxd5 cxd5 16. Nb5 Ne6 17. Be5 f6 18. Bc3 a6 19. Nd4 Nxd4 20. Bxd4 Bf5 21. Qd2 Qd7 22. Kh2 Be4 23. f3 Bf5 24. g4 Be6 25. f4 h5 26. gxh5 gxh5 27. Re1 Re8 28. Bc3 Bf7 29. Rxe8+ Qxe8 30. Bxd5 Qxa4 31. Bxb7 Bh6 32. Bd4 Qb5 33. Be4 Qf1 34. Be3 Qc4 35. Bd3 Qc8 36. Qa5 Qe6 37. Bd2 Qd6 38. Qf5 Kf8 39. Be3 Qc6 40. Qc5+ Qxc5 41. Bxc5+ 1-0

[Event "CAN-op"]
[Site "Vancouver CAN"]
[Date "1982.07.24"]
[Round "10"]
[White "Fullbrook, Nigel"]
[Black "Saltzberg, Mitchell"]
[Result "1-0"]
[WhiteElo "2311"]
[BlackElo "2310"]
[PlyCount "55"]
[GameId "2160767912848351"]
[EventDate "1982.07.17"]
[EventType "swiss"]
[EventRounds "10"]
[EventCountry "CAN"]
[SourceTitle "Albertabase"]
[SourceDate "2003.08.17"]
[SourceVersion "1"]
[SourceVersionDate "2003.08.17"]
[SourceQuality "1"]

1. e4 c5 2. Nf3 d6 3. d4 cxd4 4. Nxd4 Nc6 5. Nc3 Nf6 6. Bc4 e6 7. Be3 Be7 8. Qe2 O-O 9. O-O-O a6 10. Bb3 Qc7 11. g4 Na5 12. g5 Nxb3+ 13. axb3 Nd7 14. f4 b5 15. b4 Nb6 16. f5 Rd8 17. Rhg1 d5 18. g6 fxg6 19. fxg6 h6 20. Rdf1 Rf8 21. Rf7 Rxf7 22. gxf7+ Kxf7 23. Qh5+ Kf8 24. Rxg7 Kxg7 25. Qxh6+ Kf7 26. Qh5+ Kg8 27. Qg6+ Kh8 28. Nxe6 1-0